000 00344pam a2200133 a 4500
020 _c
041 _aeng
082 _bJAI,PIR
100 _aअशोक जैन,गीता पिरामल .
245 _aबिझनेस महाराजे
_hTextual Documents
260 _aPune
_bMehta
_c1999
300 _a329p.
930 _a17516
999 _c94416
_d94416